000 00823nas a2200265Ia 4500
001 A50/R173-3083 [r000000195]
003 IT-MiCISF
008 161014c99999999xx |||||||||||| ||und||
040 _aIT-MiCISF
_cIT-MiCISF
041 _aITALIANO
100 _aParlamento Europeo
210 _aBambino incompiuto
222 _aBambino incompiuto
245 0 _aCarta europea dei bambini degenti in ospedale
250 _a1a ed.
260 _c1987
501 _bCISF - Centro Internazionale Studi Famiglia - Via Giotto, 36 20145 MILANO (non commercial uses only)
_cCopyright 2016
300 _app. 137-138
362 _a3, set-dic. [1987]
500 _a Tema: diritti-bambino, bambini, ospedalizzazione
650 _aetà evolutiva
_vdocumento
700 _aAA.VV.
942 _cCR
957 _71
999 _a3083
_bSi
_g1
_c222687
_d222687